Stille Nacht, heilige Nacht - Trivia Quiz - Statistiken

Allgemein
  • Dieses Quiz wurde 159 mal gespielt
  • Das Durchschnittsergebnis liegt bei 7 aus 14
Antwortstatistiken
Frage Antwort % Korrekt
Wie viele von den insgesamt sechs Strophen werden meistens gesungen? drei
83%
Wie heißt das Lied auf Englisch? Silent Night
73%
Stille Nacht, heilige Nacht wurde in wieviele Sprachen übersetzt? ca. 300
69%
Stille Nacht! heilige Nacht! ... Alles schläft; einsam wacht
52%
Welche Art von Bauwerk wurde dort zu Ehren des Lieds erbaut? eine Kapelle
51%
Wer schrieb den Text? Joseph Mohr
49%
Mit welchem Instrument wurde das Lied bei der Uraufführung begleitet? Gitarre
47%
Welche Kommission ernannte das Lied zum immateriellen Kulturerbe? UNESCO
47%
Wer komponierte die Melodie des Lieds? Franz Xaver Gruber
45%
Welcher Papst bezeichnete Stille Nacht, heilige Nacht als sein Lieblingslied? Papst Franziskus
41%
In welchem Ort wurde das Lied uraufgeführt? Oberndorf bei Salzburg
39%
Welche Strophen sind diese in der sechsstrophigen Fassung? die Erste, Zweite und Letzte
37%
Auf den Tag genau: Wann wurde das Lied uraufgeführt? 24. Dezember 1818
14%
Welchen nicht vielsagenden Titel hatte das Lied ursprünglich? Weyhnachts-Lied
11%
Keine übereinstimmenden Quizze gefunden
Verteilung der Resultate
Anzahl Personen mit jedem Resultat
Perzentil nach korrekt beantworteten Fragen
Ihre Resultats-Entwicklung
Sie haben dieses Quiz noch nicht gespielt